Representaciones sociales de salud sexual en mujeres jóvenes solteras y su incidencia en la prevención de infecciones de transmisión sexual /

Uloženo v:
Podrobná bibliografie
Hlavní autor: Ramírez Abarca, Ana Catalina
Další autoři: Sibaja López, Irina
Médium: Diplomová práce
Vydáno: San José :
Témata:
Tagy: Přidat tag
Žádné tagy, Buďte první, kdo vytvoří štítek k tomuto záznamu!

MARC

LEADER 00000 a a2200000 04500
001 34370
003
040 |a CRAI/IIS  |c CRAI/IIS 
090 |a 15.04.04 R173r  
100 |a Ramírez Abarca, Ana Catalina  
245 |a Representaciones sociales de salud sexual en mujeres jóvenes solteras y su incidencia en la prevención de infecciones de transmisión sexual /  |c Ana Catalina Ramírez Abarca  
260 |a San José :  
300 |a 170 páginas  
502 |a Tesis (Licenciatura en Sociología) -- Universidad de Costa Rica, Facultad de Ciencias Sociales, 2006  
650 |a REPRESENTACION SOCIAL  
650 |a SALUD REPRODUCTIVA  
650 |a MUJERES  
650 |a JUVENTUD  
650 |a PREVENCION DEL SIDA  
650 |a ENFERMEDADES INFECCIOSAS  
650 |a COSTA RICA  
650 |a TRANSMISION SEXUAL  
700 |a Sibaja López, Irina  
999 |c 18119  |d 18119